000 00475nam a2200181 i 4500
001 bg
100 1 _aGUSSMANN, Jacek
245 0 _aCzłowiek zdobywa głębiny /
_cJacek Gussman.
260 _aGdańsk :
_bWydaw. Morskie,
_c1984.
300 _a28 s. :
_bil., rys., portr. ;
_c20x21 cm.
490 1 _aBiblioteka Morza
830 _aBiblioteka Morza
040 _cBPK
041 _apol
080 _a626.02(06)
942 _cKS
008 s pl f |000 0 pol
999 _c22885
_d22885
856 _uhttp://koha.tu.koszalin.pl/cgi-bin/koha/opac-detail.pl?biblionumber=22885
_yKatalog online BPK